000 00718nam a2200205 4500
999 _c2690
_d2690
001 2690
003 BD-JhCC
005 20171106091323.0
008 171106b1380 bg ||||| |||| 00| 0 ben d
035 _a(BD-JhCC)
040 _aBD-JhCC
_dBD-JhCC
041 _aben
082 _a891.4409
_bBON 1980
100 _aবন্দ্যোপাধ্যায়, অমৃতলাল
245 _aছোটদের মধুসূদন /
_cঅমৃতলাল বন্দ্যোপাধ্যায়
260 _aবরিশাল :
_bশব্দসিড়ি প্রকাশনী ;
_c১৩৮০
300 _a৭৫ পৃ.;
_c২০ সেমি
650 _aBengali literature
942 _2ddc
_cBK